10 Closest Capitals To New York City - Statistics

General Stats
  • This quiz has been taken 20 times
  • The average score is 7 of 10
Answer Stats
Capital Distance % Correct
Havana, Cuba 2,312 mi
94%
Kingston, Jamaica 980 mi
88%
Mexico City, Mexico 2,087 mi
88%
Ottawa, Canada 336 mi
88%
Nassau, Bahamas 683 mi
82%
Washington, United States 203 mi
82%
Port-au-Prince, Haiti 1,055 mi
76%
Santo Domingo, Dominican Republic 1,067 mi
71%
Guatemala City, Guatemala 2,158 mi
53%
Kingstown, Saint Vincent and the Grenadines 2,455 mi
24%
No matching quizzes found
Score Distribution
Percent of People with Each Score
Percentile by Number Answered
Your Score History
You have not taken this quiz